| 000 | 04632cam a22013094i 4500 | ||
|---|---|---|---|
| 001 | u49598 | ||
| 003 | PE-LiUPU | ||
| 005 | 20250813185604.0 | ||
| 008 | 150706s2010 sp r 000 0 spa d | ||
| 020 | _a8492735430 | ||
| 020 | _a9788492735433 | ||
| 035 | _a(Sirsi) i9788492735433 | ||
| 040 |
_aPE-LiUPU _bspa _cPE-LiUPU _erda |
||
| 049 | _aPRUA | ||
| 082 | 0 | 4 |
_a362.1102 _bM28 _221 |
| 100 | 1 |
_aMateo Floría, Pedro, _eautor. |
|
| 245 | 1 | 0 |
_aCasos prácticos de prevención de riesgos laborales / _cPedro Mateo Floría y Diego González Maestre. |
| 250 | _a2a edición | ||
| 264 | 1 |
_aMadrid : _bFundación Confemetal, _c[2010]. |
|
| 300 |
_a496 páginas : _bilustraciones ; _c23 centímetros |
||
| 336 |
_atext _2rdacontent |
||
| 337 |
_aunmediated _2rdamedia |
||
| 338 |
_avolume _2rdacarrier |
||
| 504 | _aIncluye bibliografía. | ||
| 505 | 0 | _aGestión de la prevención -- Modalidades de organización -- Evaluación de riesgos y planificación de la actividad preventiva -- Consulta y participación de los trabajadores -- Integración de la prevención -- Auditoría -- Seguridad en el trabajo -- Accidentes de trabajo -- Riesgo eléctrico -- Máquinas -- Equipos de elevación y transporte -- Obras de construcción -- Incendios -- Atmósferas explosivas -- Equipos de protección individual -- Higiene industrial -- Agentes químicos -- Ruido -- Vibraciones -- Ambiente térmico -- Agentes biológicos -- Radiaciones no ionizantes -- Radiaciones ionizantes -- Ergonomía y Psicosociología -- Antropometría -- Lugares de trabajo -- Iluminación -- Pantallas de visualización -- Carga física: manipulación manual de cargas -- Carga física: posturas de trabajo. | |
| 526 | _aP202 | ||
| 526 | _aP201 | ||
| 526 | _aP163 | ||
| 526 | _aP162 | ||
| 526 | _aP161 | ||
| 526 | _aP160 | ||
| 526 | _aP148 | ||
| 526 | _aP147 | ||
| 526 | _aP146 | ||
| 526 | _aP145 | ||
| 526 | _aP144 | ||
| 526 | _aP143 | ||
| 526 | _aP142 | ||
| 526 | _aP141 | ||
| 526 | _aP140 | ||
| 526 | _aP139 | ||
| 526 | _aP138 | ||
| 526 | _aP137 | ||
| 526 | _aP136 | ||
| 526 | _aP135 | ||
| 526 | _aP134 | ||
| 526 | _aP133 | ||
| 526 | _aP129 | ||
| 526 | _aP128 | ||
| 526 | _aP127 | ||
| 526 | _aP120 | ||
| 526 | _aP119 | ||
| 526 | _aP118 | ||
| 526 | _aP116 | ||
| 526 | _aP115 | ||
| 526 | _aP114 | ||
| 526 | _aP110 | ||
| 526 | _aP109 | ||
| 526 | _aP108 | ||
| 526 | _aP104 | ||
| 526 | _aP103 | ||
| 526 | _aP102 | ||
| 526 | _aP99 | ||
| 526 | _aP98 | ||
| 526 | _aP97 | ||
| 526 | _aP96 | ||
| 526 | _aP95 | ||
| 526 | _aP93 | ||
| 526 | _aP90 | ||
| 526 | _aP89 | ||
| 526 | _aP88 | ||
| 526 | _aP83 | ||
| 526 | _aP82 | ||
| 526 | _aP62 | ||
| 526 | _aP59 | ||
| 526 | _aP58 | ||
| 526 | _aP57 | ||
| 526 | _aP51 | ||
| 526 | _aP49 | ||
| 526 | _aP48 | ||
| 526 | _aP47 | ||
| 526 | _aP29 | ||
| 526 | _aP24 | ||
| 526 | _aP20 | ||
| 526 | _aP19 | ||
| 526 | _aP17 | ||
| 526 | _aP15 | ||
| 526 | _aP14 | ||
| 526 | _aP12 | ||
| 526 | _aP10 | ||
| 526 | _aP09 | ||
| 526 | _aP08 | ||
| 526 | _aP07 | ||
| 526 | _aP06 | ||
| 526 | _aP05 | ||
| 526 | _aP04 | ||
| 526 | _aP01 | ||
| 541 | _g0004-000119; | ||
| 541 | _g030-0009815; | ||
| 596 | _a1 2 | ||
| 650 | 0 | 4 |
_aSeguridad industria _xEjercicios prácticos. |
| 700 | 1 |
_aGonzález Maestre, Diego, _eautor. |
|
| 910 |
_agl _bjv _clch _d20110530 |
||
| 942 |
_2ddc _cBOOK |
||
| 994 |
_aC0 _bPEPRU |
||
| 949 |
_a362.1102 M28 _wDEWEY _c1 _i62933 _d2018-3-12 _e2018-3-12 _f2018-2-12 _g4 _lCCODEBUL1 _mBUL _n2 _p17.00 _q1 _r0 _sY _tBOOK _u2015-7-6 _xINGENIERIA _PP24 _0COMPRA _o.STAFF. Colección General |
||
| 949 |
_a362.1102 M28 _wDEWEY _c2 _i72830 _f2018-2-12 _g4 _lCCODEBUL1 _mBUL _p26.82 _q1 _r0 _sY _tBOOK _u2016-5-4 _xINGENIERIA _PP24 _0COMPRA _o.STAFF. Colección General |
||
| 949 |
_a363 M28 2010 _wDEWEY _c1 _iFT02690 _d2017-8-22 _e2017-8-22 _lCCODEBUT1 _mBUT _n1 _p35.00 _r0 _sY _tBOOK _u2015-12-30 _xINGENIERIA _PP24 _0COMPRA _o.STAFF. Colección General |
||
| 999 |
_a362.1102 M28 _wDEWEY _c51960 _i62933 _d51960 _e2018-9-17 _f2021-11-9 _g7 _lCCODEBUL1 _mBUL _n3 _p17.00 _q1 _r0 _sY _tBOOK _u2015-7-6 _xINGENIERIA _PP24 _0COMPRA _o.STAFF. Colección General |
||
| 999 |
_a362.1102 M28 _wDEWEY _c2 _i72830 _f2021-11-9 _g7 _lCCODEBUL1 _mBUL _p26.82 _q1 _r0 _sY _tBOOK _u2016-5-4 _xINGENIERIA _PP24 _0COMPRA _o.STAFF. Colección General |
||
| 999 |
_a363 M28 2010 _wDEWEY _c1 _iFT02690 _d2017-8-22 _e2017-8-22 _f2019-2-20 _g1 _lCCODEBUT1 _mBUT _n1 _p35.00 _r0 _sY _tBOOK _u2015-12-30 _xINGENIERIA _PP24 _0COMPRA _o.STAFF. Colección General |
||
| 980 |
_81 _gALBERTO SANCHEZ Responsable de Automatización |
||